000 00597nam a2200241Ia 4500
005 20250425162115.0
008 250425s9999 xx 000 0 und d
020 _a8421902822
041 _aspa
082 _a621.3815
100 _aCHIRLIAN, PAUL M.
245 0 _aANALISIS Y DISEÑO DE CIRCUITOS ELECTRONICOS
250 _a1A ED.
260 _aEspaña
_bMC GRAW-HILL
_c1967
260 _aMADRID
300 _a586
650 _aAMPLIFICADORES
650 _aCIRCUITOS ELECTRONICOS
650 _aDISPOSITIVOS ELECTRONICOS
650 _aOSCILADORES
942 _c01
010 _a50561
999 _c222473
_d222473